[Event "CRO-chT3 West"]
[White "Jakesevic, Darko"]
[Black "Ledinko, Zvonimir"]
[Site "Croatia"]
[Round "6.2"]
[Result "0-1"]
[Date "2020.10.11"]
[WhiteElo "1888"]
[BlackElo "2058"]
[PlyCount "76"]
[EventDate "2020.09.12"]
[EventType "team-tourn"]
[EventRounds "9"]
[EventCountry "CRO"]
[SourceTitle "EXT 2022"]
[Source "ChessBase"]
[SourceDate "2021.10.06"]
[SourceVersion "1"]
[SourceVersionDate "2021.10.06"]
[SourceQuality "1"]
[WhiteTeam "Gospic"]
[BlackTeam "Kraljevica"]
[WhiteTeamCountry "CRO"]
[BlackTeamCountry "CRO"]

1. d4 Nf6 2. Nf3 d5 3. Bf4 e6 4. e3 Bd6 5. Ne5 Nbd7 6. Nd2 0-0 7. Bd3 Qe7 8. c3 c5 9. g4 cxd4 10. exd4 Ne8 11. Qc2 g6 12. 0-0-0 f6 13. Nxd7 Bxd7 14. Bh6 Ng7 15. Qb3 Rfc8 16. Kb1 b5 17. f4 a5 18. Rc1 a4 19. Qd1 b4 20. c4 dxc4 21. Nxc4 b3 22. a3 Rab8 23. Nxd6 Qxd6 24. Bc4 Rc7 25. f5 Bc6 26. Re1 Bd5 27. Bxd5 exd5 28. Rxc7 Qxc7 29. Qd3 Rc8 30. fxg6 hxg6 31. Qb5 Qc2+ 32. Ka1 Kh7 33. Bf4 Qf2 34. Qf1 Qxd4 35. Rc1 Rc2 36. Rb1 Qc5 37. Qh3+ Kg8 38. Qd3 Qxa3+ 0-1